00941nam a2200253Ia 4500001001100000003000800011006001900019007001500038008004100053040002100094035002100115050002200136100003500158245006600193260004400259300001000303533015200313650002000465650001600485655002900501710001700530856012500547999001500672ebr5000822CaPaEBRm u cr cn|||||||||000808s2001 vau s 000 0 eng d aCaPaEBRcCaPaEBR a(OCoLC)45067263714aB843b.M55 2001eb1 aMill, John Stuart,d1806-1873.10aUtilitarianismh[electronic resource] /cby John Stuart Mill. aBlacksburg, VA :bVirginia Tech,c2001. a44 p. aElectronic reproduction.bPalo Alto, Calif. :cebrary,d2010.nAvailable via World Wide Web.nAccess may be limited to ebrary affiliated libraries. 0aUtilitarianism. 0aPhilosophy. 7aElectronic books.2local2 aebrary, Inc.40uhttp://site.ebrary.com/lib/rucke/Doc?id=5000822zAn electronic book accessible through the World Wide Web; click to view c2998d2998